<?xml version="1.0" encoding="UTF-8"?>
<collection xmlns="http://www.loc.gov/MARC21/slim">
 <record>
  <leader>00592pamaa2200181   4500</leader>
  <controlfield tag="001">0000023118</controlfield>
  <controlfield tag="005">20060707090000.0</controlfield>
  <datafield tag="020" ind1="0" ind2="0">
   <subfield code="a">041505320X (pbk) </subfield>
  </datafield>
  <datafield tag="082" ind1=" " ind2=" ">
   <subfield code="a">428 WAY</subfield>
  </datafield>
  <datafield tag="090" ind1="0" ind2="0">
   <subfield code="a">PR21 </subfield>
   <subfield code="b">WAY 1998</subfield>
  </datafield>
  <datafield tag="245" ind1="0" ind2="0">
   <subfield code="a">Ways of reading : </subfield>
   <subfield code="b">advanced reading skills for students of english literature  </subfield>
   <subfield code="c">Martin Montgomery...{et al.}.</subfield>
  </datafield>
  <datafield tag="260" ind1="0" ind2="0">
   <subfield code="a">London: </subfield>
   <subfield code="b">Routledge, </subfield>
   <subfield code="c">1998.</subfield>
  </datafield>
  <datafield tag="300" ind1=" " ind2=" ">
   <subfield code="a">x, 257p.: </subfield>
   <subfield code="b">ill; </subfield>
   <subfield code="c">23cm.</subfield>
  </datafield>
  <datafield tag="504" ind1="0" ind2="0">
   <subfield code="a">Includes bibliographical references and index</subfield>
  </datafield>
  <datafield tag="650" ind1="0" ind2="0">
   <subfield code="a">English language -- </subfield>
   <subfield code="x">Grammar </subfield>
  </datafield>
  <datafield tag="700" ind1="1" ind2="1">
   <subfield code="a">Montgomery, </subfield>
   <subfield code="h">Martin </subfield>
  </datafield>
  <datafield tag="700" ind1="1" ind2="1">
   <subfield code="a">DURANT, </subfield>
   <subfield code="h">Alan </subfield>
  </datafield>
  <datafield tag="700" ind1="1" ind2="1">
   <subfield code="a">FABB, </subfield>
   <subfield code="h">Nigel </subfield>
  </datafield>
 </record>
</collection>
